Wirtschaft - auf deutsch Lehrwerk für Wirtschaftsdeutsch

Salvato in:
Dettagli Bibliografici
Autore principale: Nicolas, Gerd
Altri autori: Sprenger, Margarete, Weermann, Wolfgang
Natura: Libro
Lingua:tedesco
Pubblicazione: München Klett 1991
Edizione:1. Aufl.
Soggetti:
Tags: Aggiungi Tag
Nessun Tag, puoi essere il primo ad aggiungerne!!

MARC

LEADER 00000nam a2200000 4500
001 c005881
005 20221206115019.2
020 |a 3-12-675215-2 
041 0 |a ger 
044 |a DE 
245 1 0 |a Wirtschaft - auf deutsch  |b Lehrwerk für Wirtschaftsdeutsch  |c Gerd Nicolas, Margarete Sprenger, Wolfgang Weermann 
250 |a 1. Aufl. 
264 1 |a München  |b Klett  |c 1991 
300 |a 326 s. 
610 2 0 |a jazykoveda 
610 2 0 |a terminológia 
610 2 0 |a nemčina 
610 2 0 |a odvetvia činnosti ekonomickej 
610 2 0 |a hospodárstvo národné 
610 2 0 |a Nemecko 
100 1 |a Nicolas, Gerd 
700 1 |a Sprenger, Margarete 
700 1 |a Weermann, Wolfgang